Vplyv nových technológií na podnikanie v službách bakalárska práca

Salvato in:
Dettagli Bibliografici
Autore principale: Železníková, Gabriela
Ente Autore: Obchodná fakulta EU. Katedra informatiky obchodných firiem
Altri autori: Hlavatý, Ivan, 1978-
Natura: Libro
Lingua:slovacco
Pubblicazione: Bratislava 2018
Tags: Aggiungi Tag
Nessun Tag, puoi essere il primo ad aggiungerne!!

MARC

LEADER 00000nbm a2200000 4500
001 0245083
005 20180810094505.2
041 0 |a slo 
044 |a SK 
245 1 0 |a Vplyv nových technológií na podnikanie v službách  |b bakalárska práca  |c Gabriela Železníková ; školiteľ: Ivan Hlavatý 
264 1 |a Bratislava  |c 2018 
300 |a 49 s. 
100 1 |a Železníková, Gabriela 
700 1 |a Hlavatý, Ivan, 1978- 
710 2 |a Obchodná fakulta EU. Katedra informatiky obchodných firiem